Normal view MARC view
  • Terrorism

Entry Topical Term

Number of records used in: 1

001 - CONTROL NUMBER

  • control field: 106158

003 - CONTROL NUMBER IDENTIFIER

  • control field: NUST

005 - DATE AND TIME OF LATEST TRANSACTION

  • control field: 20221228094658.0

008 - FIXED-LENGTH DATA ELEMENTS

  • fixed length control field: 221228|| aca||aabn | a|a d

040 ## - CATALOGING SOURCE

  • Original cataloging agency: NUST
  • Transcribing agency: NUST

150 ## - HEADING--TOPICAL TERM

  • Topical term or geographic name entry element: Terrorism
  • General subdivision: Prevention
  • Geographic subdivision: United States
  • General subdivision: Government policy
  • General subdivision: History
  • Chronological subdivision: 21st century

670 ## - SOURCE DATA FOUND

  • Source citation: Work cat.: (NUST)0: Scahill, Jeremy. 13158, Dirty wars :
© 2023 Central Library, National University of Sciences and Technology. All Rights Reserved.